My dream/ (Record no. 147644)

MARC details
000 -LEADER
fixed length control field 00499nam a22001697a 4500
010 ## - LCCN (DPL NO)
LC control number ENG-120874
020 ## - INTERNATIONAL STANDARD BOOK NUMBER
Terms of availability 40.00
International Standard Book Number 8172653417
035 ## - SYSTEM CONTROL NUMBER
System control number EN-104406
037 ## - SOURCE OF ACQUISITION
Source of stock number/acquisition DBAD/PUB
082 ## - DEWEY DECIMAL CLASSIFICATION NUMBER
Classification number 881
100 ## - MAIN ENTRY--PERSONAL NAME
Personal name Dias,Sanjali
245 ## - TITLE STATEMENT
Title My dream/
Statement of responsibility, etc by Sanjali Dias
260 ## - PUBLICATION, DISTRIBUTION, ETC. (IMPRINT)
Place of publication, distribution, etc Pune
Name of publisher, distributor, etc Snehavardhan Publishing House
Date of publication, distribution, etc 2012
270 ## - ADDRESS
Address Snehavardhan 863,Sadashiv Peth Behind Mahtama Phule Sabhagruha,
City Pune
Postal code 411030
300 ## - PHYSICAL DESCRIPTION
Extent 32p.
Dimensions 22cm(Hb)
942 ## - ADDED ENTRY ELEMENTS (KOHA)
Source of classification or shelving scheme Dewey Decimal Classification
Item type English Books
Classification part 881
Call number suffix DAI
Holdings
Withdrawn status Lost status Not for loan Collection code Home library Current library Date acquired Source of acquisition Cost, normal purchase price Full call number Barcode Copy number Cost, replacement price Koha item type
    Not For Loan Non-fiction D.B.Act.Division D.B.Act.Division 22/11/2017 DBAD/PUB 40.00 881 DAI EN-104406 1 40.00 English Books

© Delhi Public Library
Hit Counter
free hit counter